000
00232nam a2200097Ia 4500
001
722901
005
20250826163320.0
008
250824s9999 xx 000 0 und d
245
0
_a
KUĞU
_c
GUDBERGUR BERGSSON
260
_b
MARTI YAYINLARI
999
_c
722901
_d
722901